Skoki Narciarskie - Medaliści MŚ w Lotach z Polski - Statystyki

Ogólne statystyki
  • Ten quiz został rozwiązany 134 razy
  • Średni wynik to 4 z 5
Statystyki odpowiedzi
Z S B Skoczek % Poprawnych
- 1x 2x Kamil Stoch
100%
- - 2x Dawid Kubacki
97%
- - 2x Piotr Żyła
97%
- - 1x Stefan Hula
66%
- - 1x Andrzej Stękała
63%
Nie znaleziono quizów pasujących do podanych kryteriów
Rozkład punktacji
Procent ludzi z każdym wynikiem
Percentyl według liczby udzielonych odpowiedzi
Twoja historia wyników
Nie rozwiązałeś tego quizu